| 000 | 00910cab a2200253 4500 | ||
|---|---|---|---|
| 001 | WB2625-16 | ||
| 008 | 090401t1990 xxu||||| |||| 00| 0 eng d | ||
| 035 | _a(Sirsi) u69942 | ||
| 041 | _aeng | ||
| 245 | _aTwilight of the little shops | ||
| 260 | _c1990 | ||
| 350 | _a0 | ||
| 490 |
_aDaily Telegraph _v25/6/90 p15 |
||
| 520 | _aLooks at the problems faced by the small specialist shopkeepers. Many are being forced out of business due to high rents , the uniform business rate and competition from the multiples. A new publication published by the Rural Development Commission "The village shop" also highlights the demise of rural stores. | ||
| 650 | _aBATH | ||
| 650 | _aHIGH STREET SHOPPING | ||
| 650 | _aMULTIPLE STORES | ||
| 650 | _aRETAIL TRADE | ||
| 650 | _aSPECIALIST SHOPS | ||
| 650 | _aVILLAGE SHOPS | ||
| 690 | _aPROPERTY-COMMERCIAL PROPERTY | ||
| 942 | _n0 | ||
| 948 | _c04/03/1997 | ||
| 999 |
_c43989 _d43989 |
||